Foucault : (Record no. 21569)
[ view plain ]
| 000 -LEADER | |
|---|---|
| fixed length control field | 01126cam a22002895a 4500 |
| 001 - CONTROL NUMBER | |
| control field | 13824610 |
| 005 - DATE AND TIME OF LATEST TRANSACTION | |
| control field | 20201128023713.0 |
| 008 - FIXED-LENGTH DATA ELEMENTS--GENERAL INFORMATION | |
| fixed length control field | 041223s2005 enka frb 001 0 eng d |
| 010 ## - LIBRARY OF CONGRESS CONTROL NUMBER | |
| LC control number | 2004030575 |
| 020 ## - INTERNATIONAL STANDARD BOOK NUMBER | |
| International Standard Book Number | 0192805576 (alk. paper) |
| 020 ## - INTERNATIONAL STANDARD BOOK NUMBER | |
| International Standard Book Number | 9780192805577 |
| 040 ## - CATALOGING SOURCE | |
| Original cataloging agency | DLC |
| Language of cataloging | eng |
| Transcribing agency | DLC |
| Modifying agency | DLC |
| -- | EG-ScBUE |
| 082 04 - DEWEY DECIMAL CLASSIFICATION NUMBER | |
| Classification number | 194 |
| Item number | GUT |
| Edition number | 22 |
| 100 1# - MAIN ENTRY--PERSONAL NAME | |
| Personal name | Gutting, Gary. |
| 9 (RLIN) | 39758 |
| 245 10 - TITLE STATEMENT | |
| Title | Foucault : |
| Remainder of title | a very short introduction / |
| Statement of responsibility, etc | Gary Gutting. |
| 260 ## - PUBLICATION, DISTRIBUTION, ETC. (IMPRINT) | |
| Place of publication, distribution, etc | Oxford ; |
| -- | New York : |
| Name of publisher, distributor, etc | Oxford University Press, |
| Date of publication, distribution, etc | 2005. |
| 300 ## - PHYSICAL DESCRIPTION | |
| Extent | [xv], 124 p. : |
| Other physical details | ill. ; |
| Dimensions | 18 cm. |
| 490 0# - Series Statement | |
| Series statement | Very short introduction ; |
| Volume/sequential designation | 122 |
| 500 ## - GENERAL NOTE | |
| General note | Index : p. 121-124. |
| 504 ## - BIBLIOGRAPHY, ETC. NOTE | |
| Bibliography, etc | Bibliography : p. 111-118. |
| 520 ## - SUMMARY, ETC. | |
| Summary, etc | This work highlights Foucault's life and thought, showing his impact on society, as well as tackling his thoughts on literature, in particular the avant-garde scene; his philosophical and historical work; and his treatment of knowledge and power in modern society. |
| 600 10 - SUBJECT ADDED ENTRY--PERSONAL NAME | |
| Personal name | Foucault, Michel, |
| Dates associated with a name | 1926-1984. |
| 650 #7 - SUBJECT ADDED ENTRY--TOPICAL TERM | |
| Topical term or geographic name as entry element | Philosophy. |
| Source of heading or term | BUEsh |
| 9 (RLIN) | 1597 |
| 651 ## - SUBJECT ADDED ENTRY--GEOGRAPHIC NAME | |
| Source of heading or term | BUEsh |
| 653 ## - INDEX TERM--UNCONTROLLED | |
| Resource For college | |
| Arrived date list | April2016 |
| 942 ## - ADDED ENTRY ELEMENTS (KOHA) | |
| Source of classification or shelving scheme | Dewey Decimal Classification |
| Withdrawn status | Item status | Source of classification or shelving scheme | Damaged status | Not for loan | Vendor | Home library | Current library | Shelving location | Date acquired | Source of acquisition | Cost, normal purchase price | Serial Enumeration / chronology | Total Checkouts | Total Renewals | Full call number | Barcode | Date last seen | Date last borrowed | Cost, replacement price | Koha item type |
|---|---|---|---|---|---|---|---|---|---|---|---|---|---|---|---|---|---|---|---|---|
| Dewey Decimal Classification | Central Library | Central Library | Lower Floor | 04/04/2016 | Purchase | 63.00 | 229 | 4 | 2 | 194 GUT | 000032251 | 15/07/2025 | 11/02/2018 | 78.75 | Book - Borrowing |